000 01019nam a2200289 i 4500
003 DO-SdBNP
005 20240305073656.0
007 ta
008 110413s2003 dr 000 0 spa d
020 _a9993492418
040 _aDO-SdBNP
_bspa
_cBNPHU
_erda
082 _a370.11
_bA185j
_222
100 1 _aAcosta García, Jorge A.
_912719
245 1 0 _aJusto para ti:
_bun libro de reflexiones para aprender /
_cJorge A. Acosta García, Amiris S. Lombert Matos
264 1 _aSanto Domingo :
_bImpresos y Diseños El Remanente,
_bSecretaría de Estado de Relaciones Exteriores,
_c2003.
300 _a139 páginas
_c21 cm.
336 _2rdacontent
_atexto
_btxt
337 _2rdamedia
_asin mediación
_bn
338 _2rdacarrier
_avolumen
_bnc
590 _aInventariado, 2023/ YL
650 4 _aReflexión
_xFilosofía
_983873
650 4 _aPsicología del aprendizaje
_92721
650 4 _aValores
_xFilosofía
_983874
700 1 _aSilié, Rubén,
_d1946-
_eAutor
_91421
910 _aYLockward
942 _2ddc
_cLBS1
999 _c54318
_d54318